Copia de la representacion del M.R. Obispo de Barbastro... dando gracias por la abolicion del Tribunal de la Inquisicion (Record no. 5324)

MARC details
000 -LEADER
campo de control de longitud fija 00931npm a2200229 i 4500
001 - NÚMERO DE CONTROL
campo de control 5324
003 - IDENTIFICADOR DE NÚMERO DE CONTROL
campo de control ES-MaACL
005 - FECHA Y HORA DE LA ÚLTIMA TRANSACCIÓN
campo de control 20260203063026.0
007 - CAMPO FIJO DE DESCRIPCIÓN FÍSICA--INFORMACIÓN GENERAL
campo de control de longitud fija hzrazu bucu
008 - DATOS DE LONGITUD FIJA--INFORMACIÓN GENERAL
campo de control de longitud fija 900503r19901813sp b 00010 spa d
080 ## - NÚMERO DE LA CLASIFICACIÓN DECIMAL UNIVERSAL
Número de la Clasificación Decimal Universal 262.136.12(46)"18"
100 0# - ENTRADA PRINCIPAL--NOMBRE DE PERSONA
Nombre de persona Agustín,
Títulos y otros términos asociados al nombre Obispo de Barbastro
9 (RLIN) 18917
245 10 - MENCIÓN DEL TÍTULO
Título Copia de la representacion del M.R. Obispo de Barbastro... dando gracias por la abolicion del Tribunal de la Inquisicion
Resto del título : o sea Continuacion al suplemento del Procurador General [Microforma].
260 ## - PUBLICACIÓN, DISTRIBUCIÓN, ETC.
Lugar de publicación, distribución, etc. Madrid :
Nombre del editor, distribuidor, etc. Ateneo Cientifico, Literario y Artistico,
Fecha de publicación, distribución, etc. 1990.
300 ## - DESCRIPCIÓN FÍSICA
Extensión 1 microficha :
Otras características físicas negativo.
500 ## - NOTA GENERAL
Nota general Publicado originalmente: Cadiz, Impr. de Diego Garcia Campoy, 1813.
501 ## - NOTA DE CON
Nota de "Con" Con: Informes, autos y escritos varios sobre la Inquisicion.
650 14 - PUNTO DE ACCESO ADICIONAL DE MATERIA--TÉRMINO DE MATERIA
Término de materia o nombre geográfico como elemento de entrada Obras de 1800.
9 (RLIN) 15662
852 ## - LOCALIZACIÓN
Ubicación ES-MaACL
Número de control de estantería MCF-36
itemnumber 5441
942 ## - ELEMENTOS DE ENTRADA SECUNDARIOS (KOHA)
Fuente del sistema de clasificación o colocación Clasificación decimal universal
Tipo de ítem Koha Microforma
Holdings
Estatus retirado Estado de pérdida Fuente del sistema de clasificación o colocación Estado de daño No para préstamo Colección Biblioteca de origen Biblioteca actual Ubicación en estantería Fecha de adquisición Total de préstamos Signatura topográfica completa Código de barras Visto por última vez Precio de reemplazo Tipo de ítem Koha
    Clasificación decimal universal     Libros del s. XIX Biblioteca del Ateneo de Madrid Biblioteca del Ateneo de Madrid Depósito 1 17/01/2008   MCF-36 1005387 23/02/2023 23/02/2023 Microforma